[Event "SR Extraliga 2016/2017"]
[Site "?"]
[Date "2017.01.14"]
[Round "5.6"]
[White "Zetocha, Claudiu"]
[Black "Hrabusa, Matej"]
[Result "0-1"]
[WhiteElo "2337"]
[BlackElo "2310"]
[PlyCount "76"]
[EventDate "2016.??.??"]

1. Nf3 d5 2. d4 Nf6 3. e3 e6 4. Bd3 Bd6 5. O-O O-O 6. Nbd2 c5 7. dxc5 Bxc5 8.
e4 Nc6 9. e5 Nd7 10. Nb3 Be7 11. Re1 Re8 12. Nbd4 Nf8 13. c3 f6 14. exf6 Bxf6
15. Bf4 Qb6 16. Qd2 Bd7 17. Nxc6 bxc6 18. Ne5 Re7 19. Re3 Be8 20. Rae1 c5 21.
c4 Rd8 22. Qc2 Rb7 23. b3 Bxe5 24. Bxe5 Bg6 25. cxd5 exd5 26. Rc1 Re7 27. Bf4
Rf7 28. Bg5 Rc8 29. Be7 c4 30. Bxg6 Nxg6 31. Qe2 d4 32. Re4 d3 33. Qe1 c3 34.
Bg5 Rcf8 35. Rxc3 Rxf2 36. Be3 Rf1+ 37. Qxf1 Rxf1+ 38. Kxf1 Qf6+ 0-1

[Event "SR Extraliga 2016/2017"]
[Site "?"]
[Date "2017.01.14"]
[Round "5.7"]
[White "Macko, Michal"]
[Black "Briestensky, Rastislav"]
[Result "1-0"]
[WhiteElo "2166"]
[BlackElo "2325"]
[PlyCount "119"]
[EventDate "2016.??.??"]

1. e4 c5 2. Nf3 Nc6 3. Bb5 Qb6 4. Nc3 e6 5. Bxc6 Qxc6 6. d4 d6 7. d5 Qa6 8. a4
e5 9. Nb5 Qb6 10. Nd2 Qd8 11. O-O a6 12. Nc3 Nf6 13. Nc4 Bg4 14. Qd3 Be7 15. f4
exf4 16. e5 dxe5 17. d6 Be6 18. dxe7 Qd4+ 19. Qxd4 cxd4 20. Nb6 Rb8 21. Ne2
Kxe7 22. Bxf4 exf4 23. Rxf4 d3 24. cxd3 Rhd8 25. Nd4 Rd6 26. Nc4 Rd5 27. Nxe6
fxe6 28. Rf3 Rbd8 29. Ra3 Nd7 30. b4 b5 31. axb5 axb5 32. Ne3 Rd6 33. Ra7 Rc8
34. Ng4 Ke8 35. h3 h5 36. Nf2 Rc1+ 37. Kh2 Rb1 38. Ne4 Rd4 39. Ng5 Re1 40. Ra8+
Ke7 41. Rf7+ Kd6 42. Ra6+ Kc7 43. Nxe6+ Rxe6 44. Rxe6 Rxb4 45. Rxg7 Rd4 46. Rg5
b4 47. Rxh5 Rxd3 48. Rb5 b3 49. Rg6 Rc3 50. Rg3 Rc2 51. Rbxb3 Kd6 52. Rbd3+ Ke6
53. Rge3+ Ne5 54. Rc3 Rf2 55. Rc5 Rf5 56. Rcxe5+ Rxe5 57. Rxe5+ Kxe5 58. Kg3
Kf5 59. Kh4 Kg6 60. Kg4 1-0

[Event "SR Extraliga 2016/2017"]
[Site "?"]
[Date "2017.01.14"]
[Round "5.8"]
[White "Petran, Peter"]
[Black "Motycakova, Monika"]
[Result "1/2-1/2"]
[WhiteElo "2314"]
[BlackElo "2151"]
[PlyCount "112"]
[EventDate "2016.??.??"]

1. c4 e5 2. g3 Nf6 3. Bg2 d5 4. cxd5 Nxd5 5. Nc3 Nb6 6. Nf3 Nc6 7. O-O Be7 8.
a3 O-O 9. b4 Be6 10. d3 f6 11. Bb2 Qd7 12. Ne4 Nd4 13. Ned2 Nxf3+ 14. Bxf3 c6
15. Nb3 Bd5 16. e4 Bf7 17. Nc5 Qc7 18. Bg4 Bxc5 19. bxc5 Nd7 20. Qc2 b6 21. d4
exd4 22. cxb6 axb6 23. Bxd4 c5 24. Bb2 Ne5 25. Be2 Rad8 26. Rad1 Nc6 27. Bb5
Bh5 28. Be2 Bxe2 29. Qxe2 Rfe8 30. f4 Qe7 31. Rde1 Nd4 32. Qa6 Qc7 33. Rf2 h6
34. h4 Qc6 35. Qc4+ Kh8 36. Qd3 b5 37. e5 c4 38. Qe4 fxe5 39. fxe5 Qxe4 40.
Rxe4 Ne6 41. Ree2 Rd3 42. Kg2 c3 43. Bc1 Nd4 44. Re1 c2 45. Bb2 Rd1 46. Rff1
Rd2+ 47. Kh3 Ne2 48. Kg4 c1=Q 49. Bxc1 Nxc1 50. Rxc1 Rxe5 51. Rc7 h5+ 52. Kf4
Rdd5 53. g4 hxg4 54. Kxg4 Re4+ 55. Rf4 Rxf4+ 56. Kxf4 Kh7 1/2-1/2

[Event "SR Extraliga 2016/2017"]
[Site "?"]
[Date "2017.01.14"]
[Round "5.1"]
[White "Repka, Christopher"]
[Black "Balog, Imre"]
[Result "0-1"]
[WhiteElo "2459"]
[BlackElo "2555"]
[PlyCount "56"]
[EventDate "2016.??.??"]

1. d4 d5 2. Nf3 Nf6 3. Bf4 c5 4. e3 Nc6 5. Nbd2 Bg4 6. h3 Bh5 7. c3 e6 8. Bb5
Nd7 9. O-O Be7 10. Qa4 Qc8 11. Bd3 O-O 12. Qc2 f5 13. Bh2 a6 14. a4 g5 15. Rfe1
c4 16. Be2 Bg6 17. Qd1 b5 18. Ne5 Ndxe5 19. dxe5 b4 20. Nf3 bxc3 21. bxc3 Rb8
22. h4 h6 23. Nd4 Nxd4 24. exd4 Rb3 25. Bh5 Qe8 26. Bxg6 Qxg6 27. Rc1 Rfb8 28.
Re2 Ba3 0-1

[Event "SR Extraliga 2016/2017"]
[Site "?"]
[Date "2017.01.14"]
[Round "5.2"]
[White "Kriebel, Tadeas"]
[Black "Svoboda, Svatopluk"]
[Result "1-0"]
[WhiteElo "2465"]
[BlackElo "2445"]
[PlyCount "67"]
[EventDate "2016.??.??"]

1. c4 f5 2. g3 Nf6 3. Bg2 g6 4. Nc3 Bg7 5. Nf3 O-O 6. O-O d6 7. d3 e5 8. e4 Nc6
9. Nd5 Be6 10. Bg5 Qd7 11. Re1 Nh5 12. exf5 Bxf5 13. Qd2 Bg4 14. Nh4 Rf7 15.
Be4 Nd4 16. Be3 c6 17. Bxd4 cxd5 18. Bxd5 exd4 19. f3 Bh3 20. g4 Qd8 21. Ng2
Bxg2 22. Kxg2 Nf6 23. Bxf7+ Kxf7 24. Qf4 h6 25. Qxd4 Qb6 26. Qf4 Kg8 27. Re2
Rf8 28. Qe3 Qxe3 29. Rxe3 Nd7 30. Rae1 Be5 31. Rd1 Bxb2 32. Rb1 Bd4 33. Re6 Be5
34. Rxb7 1-0

[Event "SR Extraliga 2016/2017"]
[Site "?"]
[Date "2017.01.14"]
[Round "5.3"]
[White "Repkova, Eva"]
[Black "Chovan, Milan"]
[Result "1-0"]
[WhiteElo "2319"]
[BlackElo "2283"]
[PlyCount "51"]
[EventDate "2016.??.??"]

1. e4 c5 2. Nf3 d6 3. Bc4 e6 4. O-O Nf6 5. Re1 a6 6. d3 Nc6 7. a4 Be7 8. Bb3
O-O 9. c3 d5 10. e5 Nd7 11. Bf4 Re8 12. Nbd2 Nf8 13. Bg3 Ng6 14. Bc2 Bd7 15.
Nb3 Rb8 16. h4 c4 17. dxc4 dxc4 18. Nbd2 Nxh4 19. Nxh4 Bxh4 20. Qh5 Bxg3 21.
Bxh7+ Kf8 22. fxg3 Qb6+ 23. Kh2 Qc5 24. Rf1 Ke7 25. Qg5+ Kf8 26. Rxf7+ 1-0

[Event "SR Extraliga 2016/2017"]
[Site "?"]
[Date "2017.01.14"]
[Round "5.4"]
[White "Peitl, Tomas"]
[Black "Bednar, Milan"]
[Result "0-1"]
[WhiteElo "2206"]
[BlackElo "2231"]
[PlyCount "152"]
[EventDate "2016.??.??"]

1. b3 d5 2. Bb2 Bf5 3. e3 e6 4. Nf3 Nf6 5. Be2 h6 6. O-O Nbd7 7. d3 Bd6 8. Nbd2
O-O 9. Nd4 Bh7 10. f4 c5 11. Nb5 Bb8 12. Bf3 a6 13. Nc3 b5 14. a4 b4 15. Ne2
Ba7 16. Kh1 Rc8 17. e4 a5 18. e5 Ne8 19. Ng3 Nc7 20. Bg4 Bb8 21. Qe2 Qe7 22. f5
exf5 23. Bxf5 Rce8 24. Rae1 Ne6 25. Qg4 Qg5 26. Qxg5 hxg5 27. Bg4 Re7 28. Nf3
c4 29. Bxe6 fxe6 30. Nxg5 Rxf1+ 31. Nxf1 c3 32. Bc1 Bxe5 33. g3 Bg6 34. Kg2 Bf7
35. Ne3 Bf6 36. Ng4 e5 37. Nxf7 Kxf7 38. Be3 d4 39. Bf2 Nc5 40. Kf3 Re6 41. h4
Ke7 42. Bg1 Kd6 43. Nf2 Kd5 44. Ne4 Be7 45. Nxc5 Rf6+ 46. Kg2 Bxc5 47. Re4 Bd6
48. g4 Rf7 49. Bh2 Rf6 50. Bg3 Rf7 51. h5 Ke6 52. Re2 Kd5 53. Re4 Ke6 54. Bh4
Be7 55. Bg3 Bd6 56. Re1 Kd5 57. Rh1 Bc7 58. h6 gxh6 59. Rxh6 Rg7 60. Kh3 Bd8
61. Rh8 Rd7 62. Re8 Be7 63. g5 Ke6 64. Ra8 Bxg5 65. Ra6+ Kf5 66. Rxa5 Bf4 67.
Bf2 Rh7+ 68. Kg2 Kg4 69. Bg1 Rh3 70. Ra8 Rg3+ 71. Kf1 Kf3 72. Rh8 Rg2 73. Rh3+
Bg3 74. Bh2 Rxh2 75. Rxh2 Bxh2 76. a5 e4 0-1

[Event "SR Extraliga 2016/2017"]
[Site "?"]
[Date "2017.01.14"]
[Round "5.5"]
[White "Istona, Martin"]
[Black "Kolesar, Milan"]
[Result "1-0"]
[WhiteElo "2234"]
[BlackElo "2163"]
[PlyCount "67"]
[EventDate "2016.??.??"]

1. e4 c5 2. Nf3 d6 3. d4 cxd4 4. Nxd4 Nf6 5. Nc3 Nc6 6. Bg5 e6 7. Qd2 a6 8.
O-O-O Bd7 9. f4 b5 10. Bxf6 gxf6 11. Kb1 Qb6 12. Nxc6 Bxc6 13. f5 b4 14. Ne2 e5
15. Ng3 Qc5 16. Nh5 Ke7 17. g4 Rg8 18. Rg1 Bxe4 19. g5 fxg5 20. Rg4 Qxc2+ 21.
Qxc2 Bxc2+ 22. Kxc2 a5 23. Rc4 Ra7 24. Rc8 f6 25. Bc4 Rh8 26. Bd5 Bg7 27. Rxh8
Bxh8 28. Rc1 Rc7+ 29. Kd2 Rxc1 30. Kxc1 Kd7 31. Kc2 Kc7 32. Kd3 Kb6 33. Kc4 h6
34. Be4 1-0

[Event "SR Extraliga 2016/2017"]
[Site "?"]
[Date "2017.01.14"]
[Round "5.6"]
[White "Sosovicka, Juraj"]
[Black "Demeter, Peter"]
[Result "1/2-1/2"]
[WhiteElo "2167"]
[BlackElo "2219"]
[PlyCount "149"]
[EventDate "2016.??.??"]

1. b3 Nf6 2. Bb2 g6 3. e4 d6 4. g3 Bg7 5. Bg2 c5 6. Ne2 Nc6 7. O-O e5 8. c4 Be6
9. Nbc3 h5 10. f4 Nd4 11. Nxd4 exd4 12. Nd5 O-O 13. Qf3 Bxd5 14. cxd5 Qa5 15.
Qd3 Rae8 16. a3 Qd8 17. Rae1 Qd7 18. b4 b6 19. Qb3 Rd8 20. Qc2 Rc8 21. bxc5
bxc5 22. Qc4 Rfd8 23. Ba1 Ng4 24. h3 Nh6 25. e5 dxe5 26. fxe5 Re8 27. e6 Qd6
28. Qd3 f5 29. Rb1 Re7 30. Rb5 Kh7 31. Rfb1 c4 32. Qf3 Rcc7 33. Qf2 c3 34. dxc3
dxc3 35. Rc1 Be5 36. Qf3 Qxa3 37. Rbb1 Rc4 38. Rc2 Qc5+ 39. Kh1 Rc7 40. Rbc1
Ng8 41. Bf1 Re4 42. Bxc3 Qxd5 43. Bxe5 Rxc2 44. Rxc2 Qxe5 45. Ra2 a5 46. Kg2 a4
47. Qf2 Qxe6 48. Qa7+ Kh6 49. Rxa4 Rxa4 50. Qxa4 Nf6 51. Kh2 Ne4 52. Qd4 Qf6
53. Qxf6 Nxf6 54. h4 Ng4+ 55. Kh3 Kg7 56. Bb5 Kf7 57. Kg2 Ne5 58. Kf2 Kf6 59.
Be8 Nc4 60. Kf3 Nd6 61. Bc6 Ke5 62. Bd7 Nc4 63. Be8 Kf6 64. Kf4 Nd2 65. Bc6 Nb3
66. Be8 Nc5 67. Kf3 Ne6 68. Ke3 Ng7 69. Bb5 Ke5 70. Kf3 Kf6 71. Ba4 Ne6 72. Be8
Ng7 73. Ba4 g5 74. hxg5+ Kxg5 75. Bd7 1/2-1/2

[Event "SR Extraliga 2016/2017"]
[Site "?"]
[Date "2017.01.14"]
[Round "5.7"]
[White "Holecko, Rastislav"]
[Black "Sosovicka, Matej"]
[Result "1-0"]
[WhiteElo "2236"]
[BlackElo "2221"]
[PlyCount "65"]
[EventDate "2016.??.??"]

1. e4 e5 2. Nf3 Nc6 3. Bb5 a6 4. Ba4 Nf6 5. Qe2 Be7 6. O-O b5 7. Bb3 O-O 8. c3
d6 9. Rd1 Na5 10. Bc2 c5 11. d3 Nc6 12. Nbd2 Ne8 13. Nf1 b4 14. Ng3 g6 15. d4
cxd4 16. cxd4 Qc7 17. Be3 Bd7 18. Rac1 Qb7 19. Bb3 Nf6 20. Bd5 exd4 21. Bxd4
Nxd4 22. Nxd4 Nxd5 23. exd5 Bf6 24. Ne4 Bg7 25. Nc6 Rfe8 26. Qf3 Rxe4 27. Qxe4
Re8 28. Qc2 Bh6 29. Ra1 Bf5 30. Qb3 a5 31. Re1 Rxe1+ 32. Rxe1 Bg5 33. Qg3 1-0

[Event "SR Extraliga 2016/2017"]
[Site "?"]
[Date "2017.01.14"]
[Round "5.8"]
[White "Oprea, Erik"]
[Black "Kriz, Mario"]
[Result "1-0"]
[WhiteElo "2155"]
[BlackElo "2176"]
[PlyCount "71"]
[EventDate "2016.??.??"]

1. c4 Nf6 2. d4 c5 3. d5 g6 4. Nc3 Bg7 5. e4 d6 6. f3 O-O 7. Be3 Na6 8. Qd2 e6
9. dxe6 fxe6 10. O-O-O Ne8 11. h4 Qe7 12. h5 Nb4 13. hxg6 hxg6 14. Kb1 Nc6 15.
Nh3 Nd4 16. Bd3 b5 17. cxb5 a6 18. Nf4 Rxf4 19. Bxf4 axb5 20. Nxb5 e5 21. Bg5
Qf7 22. Nc3 Be6 23. Nd5 Nc7 24. Bh6 Nxd5 25. Bxg7 Qxg7 26. exd5 Bxd5 27. a3
Ba2+ 28. Kxa2 Qf7+ 29. Kb1 d5 30. Rh6 e4 31. Rdh1 Qg7 32. Rh8+ Qxh8 33. Rxh8+
Kxh8 34. Qh6+ Kg8 35. Qxg6+ Kh8 36. fxe4 1-0

[Event "SR Extraliga 2016/2017"]
[Site "?"]
[Date "2017.01.14"]
[Round "5.1"]
[White "Druska, Juraj"]
[Black "Gledura, Benjamin"]
[Result "0-1"]
[WhiteElo "2441"]
[BlackElo "2589"]
[PlyCount "114"]
[EventDate "2016.??.??"]

1. e4 e5 2. Nf3 Nc6 3. d4 exd4 4. Nxd4 Nf6 5. Nxc6 bxc6 6. e5 Nd5 7. c4 Ne7 8.
Bd3 Ng6 9. O-O d6 10. exd6 Bxd6 11. Re1+ Be6 12. Be4 O-O 13. Bxc6 Rb8 14. Bd5
c6 15. Bxe6 fxe6 16. Qe2 Ne5 17. Nc3 Qh4 18. h3 Nf3+ 19. gxf3 Rf6 20. Qf1 Rg6+
21. Kh1 Rf8 22. f4 Rxf4 23. Bxf4 Qxf4 24. Qg2 Rxg2 25. Kxg2 Qh2+ 26. Kf1 Bc5
27. Ke2 Bxf2 28. Rh1 Qg2 29. Kd3 e5 30. Rhd1 Bd4 31. Rd2 Qxh3+ 32. Kc2 Qf5+ 33.
Kb3 h5 34. Ne2 Qf3+ 35. Kc2 Be3 36. Rd8+ Kh7 37. Nc3 h4 38. Re1 h3 39. Rd3 h2
40. Rdxe3 h1=Q 41. Rxh1+ Qxh1 42. Rxe5 Qh2+ 43. Re2 Qf4 44. Kd3 g5 45. Re7+ Kg6
46. Re3 Qd6+ 47. Kc2 Qd4 48. Re6+ Kf5 49. Rxc6 g4 50. Rc8 Qf2+ 51. Kd3 Qxb2 52.
Rf8+ Ke6 53. Rg8 Qf2 54. Ne4 Qxa2 55. Rxg4 Qb1+ 56. Ke3 Qe1+ 57. Kf3 a5 0-1

[Event "SR Extraliga 2016/2017"]
[Site "?"]
[Date "2017.01.14"]
[Round "5.2"]
[White "Michalik, Peter"]
[Black "Leniart, Arkadiusz"]
[Result "1/2-1/2"]
[WhiteElo "2571"]
[BlackElo "2482"]
[PlyCount "47"]
[EventDate "2016.??.??"]

1. Nf3 Nf6 2. c4 e6 3. g3 d5 4. d4 Bb4+ 5. Bd2 Be7 6. Bg2 O-O 7. O-O Nbd7 8.
Qc2 Ne4 9. Nc3 Nxd2 10. Nxd2 c6 11. e4 dxc4 12. Nxc4 Nb6 13. Nxb6 Qxb6 14. Rfd1
e5 15. dxe5 Qc5 16. Kh1 Qxe5 17. f4 Qc5 18. Rac1 Bg4 19. Rf1 Rad8 20. e5 g6 21.
h3 Bf5 22. Qb3 Qb6 23. Qxb6 axb6 24. g4 1/2-1/2

[Event "SR Extraliga 2016/2017"]
[Site "?"]
[Date "2017.01.14"]
[Round "5.3"]
[White "Manik, Mikulas"]
[Black "Maslik, Miroslav"]
[Result "1/2-1/2"]
[WhiteElo "2431"]
[BlackElo "2346"]
[PlyCount "47"]
[EventDate "2016.??.??"]

1. e4 c5 2. Nf3 Nc6 3. Bb5 e6 4. O-O Nge7 5. Re1 a6 6. Bxc6 Nxc6 7. d4 cxd4 8.
Nxd4 b6 9. Nc3 Bb7 10. Nxc6 Bxc6 11. Qg4 Qf6 12. Be3 Qg6 13. Qh3 Rb8 14. Nd5
Bxd5 15. exd5 Bc5 16. Bxc5 bxc5 17. Qc3 O-O 18. b3 Qf6 19. Qd3 Qd4 20. dxe6
fxe6 21. Qxd4 cxd4 22. Rad1 Rfc8 23. Re2 e5 24. Rxe5 1/2-1/2

[Event "SR Extraliga 2016/2017"]
[Site "?"]
[Date "2017.01.14"]
[Round "5.4"]
[White "Federic, Jozef"]
[Black "Klekowski, Maciej"]
[Result "0-1"]
[WhiteElo "2312"]
[BlackElo "2450"]
[PlyCount "54"]
[EventDate "2016.??.??"]

1. d4 Nf6 2. Nf3 e6 3. Bf4 c5 4. e3 Nc6 5. c3 d5 6. Nbd2 Bd6 7. Bg3 O-O 8. Bd3
cxd4 9. exd4 Nh5 10. Ne5 g6 11. Ndf3 f6 12. Nxc6 bxc6 13. O-O Nxg3 14. hxg3 e5
15. Be2 e4 16. Ne1 f5 17. f4 exf3 18. Rxf3 Qc7 19. g4 Qe7 20. Nc2 Qh4 21. Rh3
Qg5 22. Ne3 Bf4 23. Nf1 fxg4 24. Rd3 Bf5 25. g3 Bxd3 26. Qxd3 Rae8 27. Rd1 Be3+
0-1

[Event "SR Extraliga 2016/2017"]
[Site "?"]
[Date "2017.01.14"]
[Round "5.5"]
[White "Kusiak, Matej"]
[Black "Banas, Kamil"]
[Result "0-1"]
[WhiteElo "2333"]
[BlackElo "2209"]
[PlyCount "57"]
[EventDate "2016.??.??"]

1. e4 e5 2. Nf3 Nf6 3. Nc3 Bb4 4. Nxe5 O-O 5. Nd3 Bxc3 6. dxc3 Nxe4 7. Be2 b6
8. O-O Bb7 9. Nf4 Nf6 10. Bd3 d6 11. Nh5 h6 12. Ng3 Nbd7 13. Re1 Re8 14. Bf4
Rxe1+ 15. Qxe1 Nc5 16. Bf5 Qf8 17. c4 Re8 18. Qc3 Qe7 19. f3 Nfd7 20. b4 Ne6
21. Re1 Qf6 22. Qd3 Ne5 23. Bxe5 dxe5 24. Nh5 Qg5 25. Rxe5 g6 26. Rxe6 fxe6 27.
Bxg6 Rd8 28. Bh7+ Kh8 29. Qg6 0-1

[Event "SR Extraliga 2016/2017"]
[Site "?"]
[Date "2017.01.14"]
[Round "5.7"]
[White "Zambor, Norbert"]
[Black "Federic, Pavol"]
[Result "1-0"]
[WhiteElo "2306"]
[BlackElo "2135"]
[PlyCount "61"]
[EventDate "2016.??.??"]

1. e4 e5 2. Nf3 Nc6 3. Bb5 a6 4. Ba4 Nf6 5. d3 b5 6. Bb3 Bc5 7. O-O O-O 8. c3
Bb6 9. a4 Bb7 10. Bg5 h6 11. Bh4 d6 12. Na3 b4 13. Nc4 bxc3 14. bxc3 Na5 15.
Nxb6 cxb6 16. Ba2 Rc8 17. Qd2 Bc6 18. Rfb1 b5 19. axb5 Bxb5 20. Bd5 Qc7 21.
Bxf6 gxf6 22. c4 Bd7 23. Rb2 Rb8 24. Rxb8 Rxb8 25. Rxa5 Rb1+ 26. Ne1 Qb6 27.
Ra2 Bg4 28. Kf1 Bd1 29. Qa5 Qb3 30. c5 Bc2 31. Bxb3 1-0

[Event "SR Extraliga 2016/2017"]
[Site "?"]
[Date "2017.01.14"]
[Round "5.8"]
[White "Mydlarik, Martin"]
[Black "Sepesi, Samuel"]
[Result "1-0"]
[WhiteElo "2049"]
[BlackElo "2219"]
[PlyCount "75"]
[EventDate "2016.??.??"]

1. c4 Nf6 2. Nc3 g6 3. g3 Bg7 4. Bg2 O-O 5. Nf3 d6 6. O-O Nc6 7. d4 a6 8. d5
Na5 9. Qd3 c5 10. dxc6 Nxc6 11. e4 Be6 12. Bf4 Rc8 13. Nd2 Nh5 14. Rac1 Nxf4
15. gxf4 Qa5 16. a3 Bh6 17. Nd5 Bxd5 18. exd5 Nb8 19. b4 Qb6 20. Qe3 Qxe3 21.
fxe3 b6 22. Kf2 Nd7 23. Ke2 Rc7 24. Kd3 a5 25. Bh3 axb4 26. axb4 Bg7 27. Rc2
Ra8 28. Rb1 Nf6 29. Bg2 Ra4 30. Rb3 Nd7 31. Nf3 Ra1 32. Nd4 Bxd4 33. Kxd4 b5
34. Be4 Kg7 35. cxb5 Rd1+ 36. Rd3 Rxc2 37. Rxd1 Nb6 38. Bxc2 1-0

[Event "SR Extraliga 2016/2017"]
[Site "?"]
[Date "2017.01.15"]
[Round "6.1"]
[White "Cernousek, Lukas"]
[Black "Stocek, Jiri"]
[Result "1/2-1/2"]
[WhiteElo "2461"]
[BlackElo "2557"]
[PlyCount "66"]
[EventDate "2016.??.??"]

1. d4 Nf6 2. c4 g6 3. Nc3 Bg7 4. g3 O-O 5. Bg2 c5 6. d5 d6 7. Nf3 a6 8. a4 e6
9. O-O Re8 10. Nd2 exd5 11. cxd5 Nbd7 12. h3 b6 13. Nc4 Ne5 14. Na3 b5 15. axb5
axb5 16. Ncxb5 Ba6 17. Rb1 Rb8 18. Nc3 Qb6 19. Be3 Qb3 20. Qd2 h5 21. Rfc1 Rb4
22. f4 Nc4 23. Nxc4 Rxc4 24. Bf2 Qb6 25. e3 Rb4 26. Rc2 Bc4 27. Bf3 Rb8 28. Kg2
Qa6 29. Rcc1 Qb7 30. Rc2 Qa6 31. Rcc1 Qb6 32. Rc2 Bb3 33. Rcc1 Bc4 1/2-1/2

[Event "SR Extraliga 2016/2017"]
[Site "?"]
[Date "2017.01.15"]
[Round "6.2"]
[White "Vetoshko, Volodymyr"]
[Black "Zpevak, Pavel"]
[Result "1-0"]
[WhiteElo "2497"]
[BlackElo "2348"]
[PlyCount "117"]
[EventDate "2016.??.??"]

1. e4 c5 2. Nf3 e6 3. d4 cxd4 4. Nxd4 Nc6 5. Nc3 Qc7 6. Be3 a6 7. Qf3 Nf6 8.
O-O-O Be7 9. Kb1 Nxd4 10. Bxd4 d6 11. Qg3 Nh5 12. Qg4 Nf6 13. Qg3 Nh5 14. Qe3
Nf6 15. f4 O-O 16. Be2 Nd7 17. Qg3 Bf6 18. Rd2 b5 19. Bxf6 Nxf6 20. e5 dxe5 21.
fxe5 Nd7 22. Rd6 Bb7 23. Rhd1 Nc5 24. Qh4 Rac8 25. R1d4 Na4 26. Bd3 Nxc3+ 27.
bxc3 g6 28. Rd7 Qc6 29. Re7 Rc7 30. Bxg6 hxg6 31. Rxc7 Qxc7 32. Qf6 Qxc3 33.
Rh4 Qe1+ 34. Kb2 Qxh4 35. Qxh4 Bxg2 36. Qf2 Bd5 37. Qb6 Rc8 38. Qxa6 Ra8 39.
Qxb5 Rxa2+ 40. Kb1 Ra8 41. c4 Be4+ 42. Kb2 Rd8 43. h4 Rd3 44. Qe8+ Kg7 45. Qe7
Rf3 46. Qd8 Rh3 47. Qf6+ Kg8 48. Qf4 Bc6 49. Qg4 Rf3 50. h5 Rf2+ 51. Kc3 Rg2
52. Qd1 Rg3+ 53. Kb4 gxh5 54. Qxh5 Rd3 55. Kc5 Bf3 56. Qh3 Kf8 57. Kb6 Rb3+ 58.
Kc7 Rd3 59. Qh7 1-0

[Event "SR Extraliga 2016/2017"]
[Site "?"]
[Date "2017.01.15"]
[Round "6.3"]
[White "Motuz, Karol"]
[Black "Nayhebaver, Martin"]
[Result "1/2-1/2"]
[WhiteElo "2376"]
[BlackElo "2437"]
[PlyCount "111"]
[EventDate "2016.??.??"]

1. d4 Nf6 2. Nf3 e6 3. g3 b6 4. Bg2 Bb7 5. O-O Be7 6. c4 O-O 7. Nc3 Ne4 8. Qc2
Nxc3 9. Qxc3 d6 10. Qc2 f5 11. Ne1 Bxg2 12. Nxg2 e5 13. dxe5 dxe5 14. Ne3 Qc8
15. b3 Nc6 16. Bb2 Qe6 17. Nd5 Bd6 18. Rad1 a5 19. a3 Rf7 20. Qd2 Rd8 21. Qc3
Bc5 22. e3 Rfd7 23. Qc2 Bd6 24. Rd2 e4 25. Rfd1 Be5 26. Kg2 Qf7 27. b4 axb4 28.
axb4 Rd6 29. b5 Bxb2 30. Qxb2 Na5 31. Qc3 Nb7 32. Ra1 Nc5 33. Ra7 R6d7 34. Rda2
Nd3 35. Ra8 Qh5 36. Rxd8+ Rxd8 37. Qd2 Rd7 38. Ra8+ Kf7 39. Ra7 Ne5 40. Rxc7
Rxc7 41. Nxc7 Qxh2+ 42. Kxh2 Nf3+ 43. Kh3 Nxd2 44. c5 Nc4 45. cxb6 Nxb6 46. g4
g5 47. gxf5 h5 48. Ne6 Kf6 49. Nd4 Ke5 50. Kg3 Nd5 51. f3 exf3 52. Kxf3 Nb6 53.
Kg2 Nd5 54. Kf2 Nb6 55. Kf3 Nc4 56. Kg3 1/2-1/2

[Event "SR Extraliga 2016/2017"]
[Site "?"]
[Date "2017.01.15"]
[Round "6.4"]
[White "Dovzik, Juri"]
[Black "Vojtek, Vladimir"]
[Result "1-0"]
[WhiteElo "2308"]
[BlackElo "2225"]
[PlyCount "93"]
[EventDate "2016.??.??"]

1. e4 c5 2. Nf3 d6 3. c3 Nf6 4. h3 g6 5. Bd3 Bg7 6. Bc2 O-O 7. d4 cxd4 8. cxd4
d5 9. e5 Ne4 10. Nc3 Nxc3 11. bxc3 Qc7 12. Bd2 Nc6 13. O-O Na5 14. Bd3 Nc4 15.
Bc1 Bd7 16. a4 Qa5 17. Bxc4 dxc4 18. Ba3 Rfe8 19. Bb4 Qd5 20. a5 f6 21. Re1 Bf5
22. Qe2 Kf7 23. Qe3 Bd7 24. Qf4 Kg8 25. Re2 Bc6 26. Rae1 fxe5 27. dxe5 Rf8 28.
Qd4 Rae8 29. Qxd5+ Bxd5 30. Nd4 a6 31. g3 Rf7 32. f4 h6 33. e6 Rff8 34. Rd2 Bf6
35. Nf5 Bf3 36. Nxh6+ Kg7 37. Ng4 Rd8 38. Rd7 Rxd7 39. exd7 Bxg4 40. hxg4 Rd8
41. g5 Rxd7 42. gxf6+ Kxf6 43. Re5 e6 44. Kg2 Rd3 45. Rc5 Re3 46. Rxc4 g5 47.
fxg5+ 1-0

[Event "SR Extraliga 2016/2017"]
[Site "?"]
[Date "2017.01.15"]
[Round "6.5"]
[White "Zvarik, Martin"]
[Black "Najgebauer, Szemjon"]
[Result "0-1"]
[WhiteElo "2268"]
[BlackElo "2240"]
[PlyCount "72"]
[EventDate "2016.??.??"]

1. e4 c5 2. Nc3 Nc6 3. f4 g6 4. Nf3 Bg7 5. Bc4 e6 6. d3 Nge7 7. a4 d5 8. Bb5
O-O 9. Bxc6 Nxc6 10. O-O b6 11. Bd2 Nd4 12. Be1 Bb7 13. e5 Nxf3+ 14. Qxf3 Qd7
15. Qh3 Bc6 16. a5 Rae8 17. b4 f6 18. axb6 axb6 19. b5 Bb7 20. Ra7 fxe5 21. Na4
Qc7 22. Nc3 Rxf4 23. Bf2 Qb8 24. Ra3 Qd6 25. Ra7 Rf7 26. Bg3 Rxf1+ 27. Kxf1
Qf8+ 28. Ke2 Qf7 29. Nd1 h5 30. Nf2 Ra8 31. Rxb7 Qxb7 32. Qxe6+ Qf7 33. Qxb6 c4
34. dxc4 dxc4 35. Ne4 Rf8 36. Kd2 Qd5+ 0-1

[Event "SR Extraliga 2016/2017"]
[Site "?"]
[Date "2017.01.15"]
[Round "6.7"]
[White "Kovacik, Emil"]
[Black "Tauber, Marek"]
[Result "1/2-1/2"]
[WhiteElo "2129"]
[BlackElo "2141"]
[PlyCount "81"]
[EventDate "2016.??.??"]

1. e4 e5 2. Nf3 Nc6 3. Bc4 Nf6 4. d4 exd4 5. e5 d5 6. Bb5 Ne4 7. Nxd4 Bd7 8.
Bxc6 bxc6 9. O-O Bc5 10. Be3 O-O 11. f3 Ng5 12. f4 Ne4 13. Nd2 Nxd2 14. Qxd2
Qe7 15. Rae1 Bb6 16. Nb3 Bf5 17. Qf2 Rfe8 18. Re2 f6 19. Bd4 fxe5 20. Rxe5 Qf7
21. a4 Rxe5 22. fxe5 Bg6 23. Qxf7+ Bxf7 24. c3 Rb8 25. Rf2 a6 26. Nc5 Bxc5 27.
Bxc5 Re8 28. Re2 Re6 29. b4 Bg6 30. Kf2 Be4 31. Bd4 Kf7 32. Ke3 Rg6 33. g3 Ke6
34. Kf4 Bf5 35. Ke3 Rg4 36. Rf2 Re4+ 37. Kf3 h5 38. Kg2 Re1 39. Rd2 Ra1 40. a5
Rc1 41. Re2 1/2-1/2

[Event "SR Extraliga 2016/2017"]
[Site "?"]
[Date "2017.01.15"]
[Round "6.8"]
[White "Michel, Norbert"]
[Black "Bombek, Peter"]
[Result "1/2-1/2"]
[WhiteElo "2033"]
[BlackElo "2207"]
[PlyCount "69"]
[EventDate "2016.??.??"]

1. e4 e6 2. d4 d5 3. Nc3 Nf6 4. e5 Nfd7 5. f4 c5 6. Nf3 Nc6 7. Be3 a6 8. Qd2 b5
9. Be2 b4 10. Nd1 Qb6 11. O-O a5 12. Kh1 cxd4 13. Nxd4 Bc5 14. Nxc6 Qxc6 15. c3
Ba6 16. Rc1 Bxe2 17. Qxe2 O-O 18. Bxc5 Qxc5 19. Nf2 Rfc8 20. Qd2 Qb5 21. Nd3
bxc3 22. Rxc3 Nb6 23. Rfc1 Rxc3 24. Qxc3 g6 25. Qd4 Rc8 26. Rxc8+ Nxc8 27. Qc3
Nb6 28. h3 Kg7 29. b3 a4 30. Kh2 axb3 31. axb3 h5 32. f5 gxf5 33. Nf4 h4 34.
Qe1 d4 35. Qxh4 1/2-1/2

[Event "SR Extraliga 2016/2017"]
[Site "?"]
[Date "2017.01.15"]
[Round "6.1"]
[White "Pechac, Jergus"]
[Black "Navara, David"]
[Result "1-0"]
[WhiteElo "2427"]
[BlackElo "2735"]
[PlyCount "71"]
[EventDate "2016.??.??"]

1. d4 Nf6 2. Nf3 d5 3. g3 c5 4. c3 e6 5. Bg2 Nc6 6. O-O Be7 7. a3 O-O 8. b4 b6
9. Nbd2 Bb7 10. Rb1 Qc7 11. Nb3 Ne4 12. Qc2 c4 13. Nbd2 f5 14. Nxe4 fxe4 15.
Ng5 Bc8 16. f3 Qd8 17. h4 h6 18. Nh3 exf3 19. Rxf3 Rxf3 20. exf3 e5 21. b5 Nxd4
22. cxd4 exd4 23. Qg6 Qf8 24. g4 Bd7 25. f4 Kh8 26. Bxd5 Rc8 27. Ng5 Bxg5 28.
hxg5 Be8 29. Qe6 Rc7 30. Qe5 Re7 31. Qxd4 Bg6 32. Ra1 hxg5 33. f5 Qb8 34. Bf4
gxf4 35. fxg6 Re2 36. Bf3 1-0

[Event "SR Extraliga 2016/2017"]
[Site "?"]
[Date "2017.01.15"]
[Round "6.2"]
[White "Babula, Vlastimil"]
[Black "Rohacek, Miroslav"]
[Result "1-0"]
[WhiteElo "2550"]
[BlackElo "2305"]
[PlyCount "61"]
[EventDate "2016.??.??"]

1. d4 Nf6 2. c4 e6 3. Nf3 Bb4+ 4. Bd2 Qe7 5. g3 Bxd2+ 6. Qxd2 Nc6 7. b3 d5 8.
Bg2 O-O 9. O-O dxc4 10. bxc4 Rd8 11. Qb2 Rb8 12. Nbd2 Na5 13. e4 c5 14. d5 exd5
15. exd5 Bf5 16. Rfe1 Qd7 17. Ne5 Qd6 18. Qc3 b6 19. Nb3 Nxb3 20. axb3 Rb7 21.
Nc6 Rdd7 22. Re5 Bg6 23. Rae1 h6 24. f4 Nh7 25. Bh3 Nf8 26. Bxd7 Nxd7 27. Re8+
Kh7 28. Rd8 Bf5 29. Ree8 g5 30. Rh8+ Kg6 31. Rdg8+ 1-0